000 00299nam a2200121Ia 4500
005 20251222154344.0
008 251222s9999||||xx |||||||||||||| ||spa||
082 _a332.41/I49/1992
100 _a"Indacochea Cáceda, Alejandro"
245 0 _aFinanzas en inflación
250 _a5a.ed.
942 _cLIB
999 _c34645
_d34645